'A' Follow-Up Trivia Quiz Stats

 Plays Quiz Updated Aug 29, 2018

Challenge
Share
Tweet
Embed
Score 0/48 Timer 06:00
2 Plays Today
% Correct
Which Swedish band won the Eurovision Song Contest in 1974?
100%
What is the largest US State by area?
99.9%
Which English Premier League football team is nicknamed 'The Gunners'?
99.9%
Which Mesoamerican empire was invaded, and defeated, by Spanish Conquistadors in 1521?
99.9%
Braeburn and Granny Smith are varieties of which fruit?
99.9%
What name is given to the racial segregation system enforced in South Africa from 1948 to 1994?
99.9%
What is the capital of Alaska?
93%
~~~ Alaska ~~~
93%
~~~ ABBA ~~~
88%
With which song, named after a famous battle, did ABBA win the contest?
87.9%
~~~ Apple ~~~
87.9%
Which US city is nicknamed 'the Big Apple'?
87.9%
~~~ New York City ~~~
87.3%
Which co-founder of Apple Inc. died on October 5th 2011?
87.3%
~~~ Steve Jobs ~~~
83.6%
According to Swiss folklore, who had to shoot an apple off his son's head in order to save both their lives?
83.6%
~~~ Juneau ~~~
76%
From which country did the USA purchase Alaska in 1867?
76%
~~~ Apartheid ~~~
75.5%
From which language is the term Apartheid, 'the state of being apart' derived?
75.5%
~~~ Russia ~~~
72%
What is the name of the Alaskan mountain that is the highest in North America?
72%
~~~ Aztec ~~~
67.6%
In which modern-day country would you find the majority of the Aztec empire?
67.6%
% Correct
~~~ Mexico ~~~
66.3%
What was the name of the capital of the Aztec empire, now known as Mexico City?
66.3%
~~~ Waterloo ~~~
59.2%
Which stage musical, first performed in 1999, is based on ABBA's work?
59.2%
~~~ Arsenal ~~~
58.3%
In which city can Arsenal's home ground, Emirates Stadium, be found?
58.3%
~~~ William Tell ~~~
56.2%
~~~ Mamma Mia! ~~~
55.6%
What are the first names of the two male members of ABBA?
55.6%
~~~ London ~~~
51.4%
Who was the longest-serving manager of Arsenal (1996-2018)?
51.4%
~~~ Afrikaans ~~~
40%
Who was the first President of South Africa after Apartheid ended?
40%
Which former President shared the Nobel Peace Prize with Nelson Mandela in 1993?
39.9%
~~~ Nelson Mandela ~~~
39.9%
~~~ Arsène Wenger ~~~
28%
Which team did Arsenal beat to win the 2005 FA Cup - the first time it has been decided on penalties?
28%
~~~ Manchester United ~~~
27.8%
~~~ Denali ~~~
27.2%
~~~ Björn and Benny ~~~
23.5%
~~~ Tenochtitlan ~~~
23.3%
Who led the Spanish conquest of the Aztec empire?
23.3%
~~~ Hernán Cortés ~~~
19.5%
~~~ F.W. de Klerk ~~~
12.9%

You're not logged in!

Compare scores with friends on all Sporcle quizzes.
OR
Log In

You Might Also Like...

Show Comments

Extras

Top Quizzes Today


Score Distribution

Your Account Isn't Verified!

In order to create a playlist on Sporcle, you need to verify the email address you used during registration. Go to your Sporcle Settings to finish the process.

Report this User

Report this user for behavior that violates our Community Guidelines.

Details: